Ramadan / (Record no. 6990)

MARC details
000 -LEADER
fixed length control field 00869nam a22002897a 4500
001 - CONTROL NUMBER
control field 6990
003 - CONTROL NUMBER IDENTIFIER
control field FISKH
005 - DATE AND TIME OF LATEST TRANSACTION
control field 20260311162750.0
008 - FIXED-LENGTH DATA ELEMENTS--GENERAL INFORMATION
fixed length control field 250616b cb ||||| |||| 00| 0 eng d
020 ## - INTERNATIONAL STANDARD BOOK NUMBER
International Standard Book Number 9780516273778
040 ## - CATALOGING SOURCE
Original cataloging agency FISKH
Language of cataloging eng
Transcribing agency FISKH
Modifying agency FISKH
050 ## - LIBRARY OF CONGRESS CALL NUMBER
Classification number BP186.M36
082 ## - DEWEY DECIMAL CLASSIFICATION NUMBER
Classification number 297.3
100 ## - MAIN ENTRY--PERSONAL NAME
Personal name Marx. David F.
245 ## - TITLE STATEMENT
Title Ramadan /
Statement of responsibility, etc. By David F. Marx
260 ## - PUBLICATION, DISTRIBUTION, ETC.
Place of publication, distribution, etc. New York :
Name of publisher, distributor, etc. Children Press ,
Date of publication, distribution, etc. 2002.
300 ## - PHYSICAL DESCRIPTION
Extent 31 pages :
Other physical details color illustrations ;
Dimensions 18x15 cm .
490 ## - SERIES STATEMENT
Series statement Rookie- Read-About Holidays
505 ## - FORMATTED CONTENTS NOTE
Formatted contents note R <br/>
520 ## - SUMMARY, ETC.
Summary, etc. A simple introduction to the traditions and festivities of the Muslim holiday, Ramadan.
521 8# - TARGET AUDIENCE NOTE
Target audience note 720 <br/>
Source Lexile NC <br/>
521 8# - TARGET AUDIENCE NOTE
Target audience note R <br/>
Source Raz-Plus <br/>
650 ## - SUBJECT ADDED ENTRY--TOPICAL TERM
Topical term or geographic name entry element Ramadan
Form subdivision Juvenile Literature
700 ## - ADDED ENTRY--PERSONAL NAME
Personal name Anderson, Caroline
Relator term Photo Researcher
942 ## - ADDED ENTRY ELEMENTS (KOHA)
Source of classification or shelving scheme Dewey Decimal Classification
Koha item type Books
Suppress in OPAC No
Holdings
Withdrawn status Lost status Source of classification or shelving scheme Damaged status Not for loan Collection Home library Current library Shelving location Date acquired Total Checkouts Full call number Barcode Date last seen Copy number Price effective from Koha item type
    Dewey Decimal Classification     Juvenile Fiction Footprints International School Library Network Toul Tom Poung Campus Footprints International School Library Network Toul Tom Poung Campus TTP Primary Orange Bookshelves 06/16/2025   MAR 297.3 BP186.M36 2025-1645 06/16/2025 1 06/16/2025 Books
    Dewey Decimal Classification     Juvenile Fiction Footprints International School Library Network Toul Tom Poung Campus Footprints International School Library Network Toul Tom Poung Campus TTP Primary Orange Bookshelves 02/26/2026   MAR 297.3 BP186.M36 FISBK02041 02/26/2026 2 02/26/2026 Books
    Dewey Decimal Classification     Juvenile Fiction Footprints International School Library Network Toul Tom Poung Campus Footprints International School Library Network Toul Tom Poung Campus TTP Primary Orange Bookshelves 03/11/2026   MAR 297.3 BP186.M36 FISBK02042 03/11/2026 3 03/11/2026 Books